Score 0/45 Timer 10:00
0 Plays Today
Hint Answer % Correct
Main CastAlec Guinness
94.1%
Main CastBernard Hepton
70.6%
Main CastPatrick Stewart
68.6%
Tinker Tailor Soldier Spy (1979)Ian Richardson
64.7%
Main CastBeryl Reid
56.9%
Main CastSian Phillips
56.9%
Tinker Tailor Soldier Spy (1979)Ian Bannen
56.9%
Tinker Tailor Soldier Spy (1979)Hywel Bennett
56.9%
Main CastAnthony Bate
43.1%
Tinker Tailor Soldier Spy (1979)Michael Jayston
41.2%
Tinker Tailor Soldier Spy (1979)Terence Rigby
41.2%
Smiley's People (1982)Curd Jurgens
37.3%
Smiley's People (1982)Dudley Sutton
37.3%
Smiley's People (1982)Barry Foster
35.3%
Tinker Tailor Soldier Spy (1979)Thorley Walters
33.3%
Smiley's People (1982)Maureen Lipman
33.3%
Tinker Tailor Soldier Spy (1979)Warren Clarke
31.4%
Tinker Tailor Soldier Spy (1979)Joss Ackland
29.4%
Smiley's People (1982)Michael Gough
29.4%
Tinker Tailor Soldier Spy (1979)Michael Aldridge
27.5%
Tinker Tailor Soldier Spy (1979)George Sewell
27.5%
Smiley's People (1982)Michael Lonsdale
27.5%
Smiley's People (1982)Bill Paterson
27.5%
Hint Answer % Correct
Smiley's People (1982)Ingrid Pitt
24.4%
Tinker Tailor Soldier Spy (1979)Alexander Knox
23.5%
Tinker Tailor Soldier Spy (1979)John Standing
23.5%
Tinker Tailor Soldier Spy (1979)Duncan Jones
22.2%
Smiley's People (1982)Michael Byrne
21.6%
Smiley's People (1982)Eileen Atkins
21.6%
Smiley's People (1982)Mario Adorf
21.6%
Smiley's People (1982)Michael Elphick
21.6%
Tinker Tailor Soldier Spy (1979)Nigel Stock
19.6%
Tinker Tailor Soldier Spy (1979)Hilary Minster
19.6%
Smiley's People (1982)Vladek Sheybal
17.6%
Smiley's People (1982)Rosalie Crutchley
15.7%
Smiley's People (1982)Paul Herzberg
15.6%
Smiley's People (1982)Tusse Silberg
15.6%
Smiley's People (1982)Lucy Fleming
15.6%
Smiley's People (1982)Andy Bradford
15.6%
Tinker Tailor Soldier Spy (1979)George Pravda
13.7%
Smiley's People (1982)Stephen Riddle
13.3%
Smiley's People (1982)Alan Rickman
13.3%
Tinker Tailor Soldier Spy (1979)Alec Sabin
13.3%
Smiley's People (1982)Norma West
13.3%
Tinker Tailor Soldier Spy (1979)Susan Kodicek
11.8%
Remove Ads.
Support Sporcle.
Get the best of Sporcle when you Go Orange. This ad-free experience offers more features, more stats, and more fun while also helping to support Sporcle. Thank you for becoming a member.

You're not logged in!

Compare scores with friends on all Sporcle quizzes.
OR
Log In

Show Comments

Extras

Top Quizzes Today


Score Distribution

Your Account Isn't Verified!

In order to create a playlist on Sporcle, you need to verify the email address you used during registration. Go to your Sporcle Settings to finish the process.

Report this User

Report this user for behavior that violates our Community Guidelines.

Details: